|
|
|
|
| LEADER |
00000nam a2200000 a 4500 |
| 001 |
vtls008334384 |
| 003 |
SK-MaSNL |
| 005 |
20260426020116.0 |
| 008 |
190102s1973 xo 000 slo |
| 015 |
|
|
|a SKSNBA1974/02-00680
|
| 035 |
|
|
|a SK01SNK19740026601
|
| 035 |
|
|
|a SKM000029064
|
| 040 |
|
|
|a SNK
|b slo
|c SNK
|e AACR2
|
| 041 |
1 |
|
|a slo
|a cze
|b ger
|
| 044 |
|
|
|a xo
|c SK
|
| 080 |
|
|
|a 784.4.001.5(437.6)(082)
|2 1981
|
| 080 |
|
|
|a 398.8(437.6)(082)
|2 1981
|
| 245 |
1 |
0 |
|a Súčasný stav etnomuzikologického bádania na Slovensku
|b 1. Etnomuzikologický seminár - Trenčín, 18.-21. nov. 1970
|c predslov: O.E.
|
| 260 |
|
|
|a Bratislava
|b Ústav hudobnej vedy SAV
|c 1973
|
| 300 |
|
|
|a [1], 204 s.
|c 4°
|
| 490 |
1 |
|
|a Seminarium etnomusicologicum
|v 1.
|
| 500 |
|
|
|a Lit. Pozn. Súbež. názov nem. Niekt. prísp. čes. Nem. resumé
|
| 563 |
|
|
|a 300 výtl.
|
| 648 |
|
7 |
|a 1970
|2 SNK
|9 294800
|
| 650 |
0 |
7 |
|a ľudová hudba
|2 SNK
|9 3183
|
| 650 |
0 |
7 |
|a etnomuzikológia
|2 SNK
|9 64259
|
| 651 |
|
7 |
|a Slovensko
|2 SNK
|9 14231
|
| 655 |
|
7 |
|a zborníky
|2 SNKPH
|9 70165
|
| 830 |
|
0 |
|a Seminarium etnomusicologicum
|9 751556
|
| 852 |
|
|
|a Slovenská národná knižnica v Martine
|b 10000
|h SB 20342
|
| 852 |
|
|
|a Slovenská národná knižnica v Martine
|b 10000
|h SB 20342 D1
|
| 958 |
|
|
|a RK
|
| 958 |
|
|
|a RM
|
| 958 |
|
|
|a NB
|
| 958 |
|
|
|a ZB
|
| 999 |
|
|
|c 1202621
|d 1204551
|
| 952 |
|
|
|a SNK
|b SNK
|y PREZ
|7 0
|p 17A0901270
|o snkSB 20342
|0 0
|1 0
|4 0
|d 2012-07-24
|l 0
|r 2025-03-25 00:00:00
|w 2026-02-24
|
| 952 |
|
|
|t P60, <04>, [BOOK], {604}
|a SNK
|b SNK
|y VYP
|7 0
|p 17A0327772
|o snkSB 20342 D1
|0 0
|1 0
|4 0
|d 2002-01-18
|l 0
|r 2005-01-02 00:00:00
|w 2026-02-24
|